[Event "Florianopolis op 2nd"]
[Site "Florianopolis"]
[Date "2016.01.16"]
[Round "1"]
[White "Da Silva, Esequiel Luis Melo"]
[Black "Januario, Severino Pereira"]
[Result "0-1"]
[WhiteElo "1725"]
[BlackElo "2209"]
[PlyCount "148"]
[EventDate "2016.01.16"]
[EventType "swiss"]
[EventRounds "10"]
[EventCountry "BRA"]
[SourceTitle "CBM 170 Extra"]
[Source "ChessBase"]
[SourceDate "2016.02.25"]
[SourceVersion "1"]
[SourceVersionDate "2016.02.25"]
[SourceQuality "1"]

1. Nf3 Nf6 2. g3 g6 3. b4 Bg7 4. Bb2 0-0 5. Bg2 d5 6. 0-0 c6 7. d3 Qb6 8. a3 Nbd7 9. Nbd2 Re8 10. c4 a5 11. Bd4 Qd8 12. b5 c5 13. Bb2 d4 14. a4 Rb8 15. Qe1 b6 16. e4 e5 17. Nb3 Nh5 18. Bc1 Qc7 19. g4 Nf4 20. Bxf4 exf4 21. Qd1 Nf6 22. h3 h5 23. Nh2 hxg4 24. hxg4 Qd7 25. f3 Bh6 26. Kf2 Qd6 27. Rh1 Kg7 28. Qg1 Bg5 29. Ke1 Bd7 30. Ra2 Rh8 31. Re2 Qe5 32. Nd2 Rh6 33. Nhf1 Bh4+ 34. Kd1 Rbh8 35. Bh3 Bg5 36. Bg2 Ne8 37. Rxh6 Rxh6 38. Bh1 Nd6 39. Rh2 Bh4 40. Qg2 Be7 41. Rh3 Bg5 42. Rxh6 Kxh6 43. Qh3+ Kg7 44. Bg2 Bf6 45. Nh2 Qg5 46. Bf1 Be5 47. Be2 Qd8 48. Kc2 Qg5 49. Kd1 Qd8 50. Kc2 f6 51. Qh4 Nf7 52. Kd1 Ng5 53. Bf1 Bd6 54. Bg2 Be7 55. Qe1 Nf7 56. Qh1 Ne5 57. Kc2 Qg8 58. Bf1 Qh7 59. Qg2 Qh4 60. Be2 Qg3 61. Qh1 Qf2 62. Kd1 f5 63. gxf5 gxf5 64. Nhf1 Bh4 65. Qh2 Qe1+ 66. Kc2 Bg3 67. Qg2 Kf6 68. Nxg3 fxg3 69. exf5 Bxf5 70. Nf1 Bxd3+ 71. Bxd3 Qc3+ 72. Kd1 Qxd3+ 73. Nd2 Nxc4 74. Ke1 Qxd2+ 0-1

[Event "Florianopolis Taca op"]
[Site "Florianopolis"]
[Date "2015.10.09"]
[Round "1"]
[White "Da Silva, Esequiel Luis Melo"]
[Black "Pomar, Marcelo Nascimento"]
[Result "0-1"]
[WhiteElo "1662"]
[BlackElo "2064"]
[PlyCount "72"]
[EventDate "2015.10.09"]
[EventType "swiss"]
[EventRounds "6"]
[EventCountry "BRA"]
[SourceTitle "CBM 168 Extra"]
[Source "ChessBase"]
[SourceDate "2015.10.29"]
[SourceVersion "1"]
[SourceVersionDate "2015.10.29"]
[SourceQuality "1"]

1. Nf3 Nf6 2. d4 e6 3. g3 b5 4. Bg2 Bb7 5. 0-0 c5 6. b3 d5 7. Bb2 Be7 8. dxc5 Na6 9. Na3 b4 10. Nb1 Nxc5 11. Nbd2 0-0 12. Ne5 Qc7 13. c4 bxc3 14. Bxc3 Nce4 15. Bd4 Ba3 16. Ndf3 Ba6 17. Nd3 Rfc8 18. Nfe1 Qa5 19. e3 Nd2 20. Bxf6 gxf6 21. Qg4+ Kf8 22. Qh4 Ke7 23. e4 Nxf1 24. exd5 Bxd3 25. Nxd3 Qc3 26. Rxf1 Qxd3 27. dxe6 Rab8 28. exf7 Rc1 29. Qa4 Rxf1+ 30. Bxf1 Qd6 31. Qxa7+ Kf8 32. Qe3 Kxf7 33. Qh6 Kg8 34. Bc4+ Kh8 35. h4 Bc5 36. Kg2 Qd4 0-1